| 000 | 01065cam a2200313 a 4500 | ||
|---|---|---|---|
| 001 | 47057 | ||
| 003 | BD-RjUL | ||
| 005 | 20211209054243.0 | ||
| 008 | 1608 s2004 ii b 001 0 eng | ||
| 020 | _a0761933247 (hb) | ||
| 020 | _a8178294419 (India : hb) | ||
| 035 | _a(BD-RjUL)47176 | ||
| 040 |
_aDLC _cDLC _dDLC _beng |
||
| 041 | _aeng | ||
| 082 | 0 | 0 |
_a305.5122 _223 _bCAS 2004 |
| 245 | 0 | 0 |
_aCaste in question : _bidentity or hierarchy? / _cedited by Dipankar Gupta. |
| 260 |
_aNew Delhi ; _aThousand Oaks, Calif. : _bSage Publications, _cc2004. |
||
| 300 |
_axxi, 255 p. ; _c23 cm. |
||
| 504 | _aIncludes bibliographical references and index. | ||
| 650 | 0 |
_aCaste. _9143315 |
|
| 650 | 0 |
_aSocial classes _zIndia. _9143298 |
|
| 650 | 0 |
_aGroup identity _zIndia. _9143316 |
|
| 650 | 0 |
_aSocial structure _zIndia. _9143317 |
|
| 650 | 0 |
_aSocial stratification _zIndia. _9143318 |
|
| 700 | 1 |
_aGupta, Dipankar, _d1949- _9143319 |
|
| 942 |
_2ddc _cBK |
||
| 999 |
_c47057 _d47057 |
||